000 00317nam a2200133Ia 4500
008 100328s9999 xx 000 0 und d
082 _b1653
100 _aThe Divine Comedy
245 _aDante Alighieri
260 _bG.Bell & Sons Ltd.
630 _aDante Alighieri
730 _aDante Alighieri
942 _cBOOK
999 _c497913
_d497910